| 000 | 00467nam a22001937a 4500 | ||
|---|---|---|---|
| 003 | MPLRDC | ||
| 005 | 20220104150859.0 | ||
| 008 | 210129b ||||| |||| 00| 0 eng d | ||
| 020 | _a957-451-055-7 | ||
| 082 | _a874.57 DEN | ||
| 100 | _aDENIS MCFARLAND | ||
| 245 |
_a松镇老姐弟 _c陈诗宏译 |
||
| 250 | _a初版 | ||
| 260 |
_a _b新苗文化 _c2002 |
||
| 300 | _b平 | ||
| 490 | _a小说. F18 | ||
| 650 | _a美国现代小说 | ||
| 942 |
_cBK _o874.57 DEN |
||
| 999 |
_c52089 _d52079 |
||